• Josefa Inès Campos Talamantes,

di Personal Name

Records bibliografici associati: 1

001 - CONTROL NUMBER

  • control field: 23239

003 - CONTROL NUMBER IDENTIFIER

  • control field: IT-RoINE

005 - DATE AND TIME OF LATEST TRANSACTION

  • control field: 20160401043552.0

008 - FIXED-LENGTH DATA ELEMENTS

  • fixed length control field: 160401|| aca||aabn | a|a d

040 ## - CATALOGING SOURCE

  • Original cataloging agency: IT-RoINE
  • Transcribing agency: IT-RoINE

100 ## - HEADING--PERSONAL NAME

  • Personal name: Josefa Inès Campos Talamantes,
  • Titles and other words associated with a name: Beata,
  • Dates associated with a name: 1872-1950
  • General subdivision: Biografía

670 ## - SOURCE DATA FOUND

  • Source citation: Work cat.: (IT-RoINE)11342: Schenk, Juan Eduardo, sac., 1926- 23200, Madre Josefa :, [1982].